| 000 | 00918nam a2200217 a 4500 | ||
|---|---|---|---|
| 003 | CBULib | ||
| 005 | 20240419084110.0 | ||
| 008 | 100728s2009 ||||||||||||||||| || u | ||
| 040 |
_aCBULib _bEnglish _cCBULib _dCBULib _erda |
||
| 050 | _aUNECA(058)AEGM/2009D | ||
| 110 | _aUnited Nations Economic Commission For Africa(UNECA) | ||
| 245 | 1 | 0 |
_aReport of the Ad hoc expert group meeting on the proposed project of the UNECA depository libraries in Southern Africa _c/by United Nations Economic Commission for Africa (UNECA) |
| 260 |
_aManzini, Swaziland: _bUNITED NATIONS ECONOMIC COMMISSION FOR AFRICA(UNECA) _c2009 |
||
| 300 | _av, 14 pages.: illustration | ||
| 336 |
_2rdacontent _aText | _btxt |
||
| 337 |
_2rdamedia _aUnmediated | _bn |
||
| 338 |
_2rdacarrier _aVolume _bnc |
||
| 500 | _aBibliography | ||
| 650 | 0 | _aUNITED NATIONS ECONOMIC COMMISSION FOR AFRICA--DEPOSITORY LIBRARIES--CONGRESSES | |
| 942 |
_2mc _c029 |
||
| 999 |
_c80055 _d80055 |
||